Statistics for royal rumble records

Click here to take the quiz!

General Stats

  • This quiz has been taken 123 times
  • The average score is 10 of 13

Answer Stats

record Answer % Correct
Most rumble victoriessteve austin
96%
most eliminations in cumulative rumbleskane
91%
most rumble appearanceskane
91%
Longest time spentrey mysterio
89%
most eliminations in a single rumbleroman reigns
87%
shortest time spentsantino marella
81%
tallest winnerundertaker
75%
smallest participanthornswoggle
73%
Longest cumulative time spenttriple h
71%
heaviest winneryokozuna
70%
youngest winnerbrock lesnar
62%
most appearances for a femalechyna
61%
oldest winnervince mcmahon
58%

Score Distribution

Percentile by Number Answered

Percent of People with Each Score

Your Score History

You have not taken this quiz